Postacie z Gry o Tron według czasu ekranowego - Statystyki

Ogólne statystyki
  • Ten quiz został rozwiązany 937 razy
    920 od ostatniego zresetowania
  • Średni wynik to 16 z 33
Statystyki odpowiedzi
Minuty Postać % Poprawnych
420 Jon Snow
97%
335 Daenerys Targaryen
91%
411 Tyrion Lannister
88%
262 Arya Stark
86%
268 Sansa Stark
83%
251 Cersei Lannister
82%
238 Jaime Lannister
80%
78 Robb Stark
73%
117 Bran Stark
66%
100 Ned Stark
65%
78 Tywin Lannister
60%
70 Joffrey Baratheon
59%
119 Petyr Baelish
59%
112 Varys
51%
162 Samwell Tarly
48%
145 Theon Greyjoy
47%
83 Catelyn Stark
46%
114 Sandor Clegane
46%
73 Stannis Baratheon
43%
154 Jorah Mormont
39%
122 Brienne z Tarthu
38%
66 Ramsay Bolton
35%
78 Margaery Tyrell
33%
83 Bronn
32%
61 Grey Worm
30%
74 Melisandre
30%
70 Missandei
29%
129 Davos Seaworth
24%
71 Tormund
20%
50 Podrick Payne
16%
51 Ygritte
16%
51 Gendry Baratheon
14%
58 Goździk
13%
Nie znaleziono quizów pasujących do podanych kryteriów
Rozkład punktacji
Procent ludzi z każdym wynikiem
Percentyl według liczby udzielonych odpowiedzi
Twoja historia wyników
Nie rozwiązałeś tego quizu od ostatniego zresetowania